000 00385nam a2200169Ia 4500
008 210210b1901 xxu||||| |||| 00| 0 eng d
041 _aeng
082 _a444/318
100 _aRABELAIS
245 _aGargantua et pantagruel
260 _aLondon
_bBlackie & Son Ltd.
_c1901
650 _apantagruel
650 _aGargantua
650 _aet
690 _aFrench
906 _a006513
999 _c129502
_d129502